| 000 -LEADER | |
|---|---|
| fixed length control field | 00418nam a22001697a 4500 |
| 005 - DATE AND TIME OF LATEST TRANSACTION | |
| control field | 20180630163033.0 |
| 008 - FIXED-LENGTH DATA ELEMENTS--GENERAL INFORMATION | |
| fixed length control field | 160601b xxu||||| |||| 00| 0 eng d |
| 020 ## - INTERNATIONAL STANDARD BOOK NUMBER | |
| ISBN | 81-219-0813-2 |
| 041 ## - LANGUAGE CODE | |
| Language code of text/sound track or separate title | eng |
| 082 ## - DEWEY DECIMAL CLASSIFICATION NUMBER | |
| Item number | 6667 |
| Classification number | 658 |
| 100 ## - MAIN ENTRY--AUTHOR NAME | |
| Personal name | Shukla, M.C. |
| 245 ## - TITLE STATEMENT | |
| Title | Business Organisation and Mgt |
| 260 ## - PUBLICATION, DISTRIBUTION, ETC. (IMPRINT) | |
| Place of publication | New Delhi |
| Name of publisher | Sultan Chand & Sons, |
| Year of publication | 2010 |
| 300 ## - PHYSICAL DESCRIPTION | |
| Number of Pages | 849 |
| 650 ## - SUBJECT ADDED ENTRY--TOPICAL TERM | |
| Topical Term | Management |
| 942 ## - ADDED ENTRY ELEMENTS (KOHA) | |
| Koha item type | Books |
| Lost status | Damaged status | Collection code | Home library | Current library | Shelving location | Date acquired | Cost, normal purchase price | Full call number | Accession Number | Koha item type |
|---|---|---|---|---|---|---|---|---|---|---|
| MANAGEMENT | JRU Library | JRU Library | SHELF-64-G | 01/06/2016 | 260.00 | 658 | 6667 | Books | ||
| MANAGEMENT | JRU Library | JRU Library | SHELF-64-H | 01/06/2016 | 260.00 | 658 | 6668 | Books | ||
| Reference | JRU Library | SHELF-30-J | 01/06/2016 | 260.00 | 658 | 6669 | Books | |||
| MANAGEMENT | JRU Library | JRU Library | SHELF-63-G | 01/06/2016 | 260.00 | 658 | 6670 | Books | ||
| JRU Library | SHELF-17-D | 01/06/2016 | 260.00 | 658 | 6671 | Books |